Nuevas instalaciones de la Biblioteca Popular de Arenys de Munt
Publicado:
San Jorge, núm. 88 (4t trimestre 1972), pàg 77 :
Materias:
Biblioteca Sant Martí (Arenys de Munt)
MARC
| LEADER | 00000nam a2200000Ia 4500 | ||
|---|---|---|---|
| 001 | |||
| 008 | 160829s9999 xx 000 0 cat d | ||
| 245 | |a Nuevas instalaciones de la Biblioteca Popular de Arenys de Munt | ||
| 260 | |a San Jorge, núm. 88 (4t trimestre 1972), pàg 77 | ||
| 650 | |a Biblioteca Sant Martí (Arenys de Munt) |9 41709 | ||
| 901 | |a Arxiu | ||
| 942 | |n 1 | ||
| 952 | |0 0 |1 0 |4 0 |7 1 |9 50383 |a Arxiu |b Arxiu |d 2016-12-01 |l 0 |r 2016-12-01 00:00:00 |w 2016-12-01 |y ARXIU | ||
| 999 | |c 54225 |d 54225 | ||